01627nam a2200337Ia 4500001000900000003000500009005001700014007000300031008004100034040001800075245020500093260003200298300005700330336002700387337002800414338002800442500006000470502009300530504003200623505028000655650001700935650002800952650002500980650001801005650002001023650002301043700005001066700005101116700004201167856008001209dia_5010CHAP20250805133725.0ta220117s2012 mx ado f 001 0 spa d amxchpuacCHAP10aReporte del viaje de la materia de Interrelación Agricultura-Industria /ccoordinadores Diana América Reyna Izaguirre y Alfredo Espejel Zaragoza ; colaboradores Alejandro Arias Aguilar...[y otros] aMéxico :bEl autor,c2012 a86 hojas :bilustraciones, tablas, gráficas, fotos 2rdacontentatextobtxt 2rdamediaano mediadobn 2rdacarrieravolumenbnc aGrado: 5° año Grupo: 01 y 04 Directorio: hojas 84-85 aViaje de estudios b(IAI) -- cUACh. Departamento de Ingeniería Agroindustrial, d2012 aBibliografía: hojas 82-8300tEmpresas visitadas: -- 1.Divemex, S. A. de C. V. -- 2. Agrícola Chaparral, S. P. R. de R. L. -- 3. La Costeña \ 4. Grupo Altex Molinos San Cristobal -- 5. U. S. A. Riverside, California Estados Unidos de América -- 6. WOW RUSD -- 7. Citrus Research Board -- 8. UC Nexus13aCítricos 13aIndustria alimentaria 13aIndustria molinera 13aCitrus fruits13aFood industry 13aMilling industry 1 aEspejel Zaragoza, José Alfredoecoordinador1 aReyna Izaguirre, Diana Américaecoordinadora1 aArias Aguilar, Alejandroecolaborador41uhttp://10.13.5.2/ve/TC577_IAI/TC577_IAI_2012-REPORTE.pdfyDESCARGAR REPORTE